Battle Superlatives - Statistics

General Stats
  • This quiz has been taken 4 times
  • The average score is 5 of 10
Answer Stats
Hint Answer % Correct
What is known as the largest tank battle in history, with over 6,000 tanks engaged? Battle of Kursk
100%
Which battle holds the record for the highest number of casualties in a single battle during World War II? Battle of Stalingrad
100%
What is known as the shortest recorded war in history, lasting only 38-45 minutes? Anglo-Zanzibar War
75%
Which 19th-century battle is known for being the largest and deadliest battle in the Napoleonic Wars? Battle of Leipzig
75%
In which battle were nuclear weapons used for the first (and only) time in combat? Battle of Nagasaki
75%
Which battle is considered the longest continuous battle in modern history? Battle of Verdun
50%
What battle is remembered for having one of the largest cavalry charges in history? Battle of Vienna
50%
Which battle is regarded as the deadliest single-day battle in American history, with around 22,000 casualties? Battle of Antietam
0%
Which battle during the American Civil War was the longest in terms of duration, lasting over 47 days? Battle of Vicksburg
0%
What is recognised as the longest siege in history, lasting over 33 years? Siege of Ceuta
0%
No matching quizzes found
Score Distribution
Percent of People with Each Score
Percentile by Number Answered
Your Score History
You have not taken this quiz